<?xml version="1.0" encoding="UTF-8"?>
<record
    xmlns:xsi="http://www.w3.org/2001/XMLSchema-instance"
    xsi:schemaLocation="http://www.loc.gov/MARC21/slim http://www.loc.gov/standards/marcxml/schema/MARC21slim.xsd"
    xmlns="http://www.loc.gov/MARC21/slim">

  <leader>00309nam a22001217a 4500</leader>
  <datafield tag="020" ind1=" " ind2=" ">
    <subfield code="a">9812358668</subfield>
  </datafield>
  <datafield tag="082" ind1=" " ind2=" ">
    <subfield code="2">22</subfield>
    <subfield code="a">620.006819</subfield>
  </datafield>
  <datafield tag="100" ind1=" " ind2=" ">
    <subfield code="a">Mazda, Fraidoon.</subfield>
  </datafield>
  <datafield tag="245" ind1=" " ind2=" ">
    <subfield code="a">Engineering management /</subfield>
  </datafield>
  <datafield tag="260" ind1=" " ind2=" ">
    <subfield code="a">New Delhi,</subfield>
    <subfield code="b">Pearson Education,</subfield>
    <subfield code="c">c2000.</subfield>
  </datafield>
  <datafield tag="300" ind1=" " ind2=" ">
    <subfield code="a">xvi, 658p. ;</subfield>
    <subfield code="b">ill. ;</subfield>
    <subfield code="c">23 cm.</subfield>
  </datafield>
  <datafield tag="942" ind1=" " ind2=" ">
    <subfield code="2">ddc</subfield>
    <subfield code="c">MAG</subfield>
    <subfield code="0">3</subfield>
  </datafield>
  <datafield tag="999" ind1=" " ind2=" ">
    <subfield code="c">36</subfield>
    <subfield code="d">36</subfield>
  </datafield>
  <datafield tag="952" ind1=" " ind2=" ">
    <subfield code="0">0</subfield>
    <subfield code="1">0</subfield>
    <subfield code="2">ddc</subfield>
    <subfield code="4">0</subfield>
    <subfield code="7">1</subfield>
    <subfield code="8">REF</subfield>
    <subfield code="a">LIB001</subfield>
    <subfield code="b">LIB001</subfield>
    <subfield code="d">2014-06-02</subfield>
    <subfield code="g">269.72</subfield>
    <subfield code="l">0</subfield>
    <subfield code="o">620.006819</subfield>
    <subfield code="p">28680</subfield>
    <subfield code="r">2014-06-02 00:00:00</subfield>
    <subfield code="t">1</subfield>
    <subfield code="v">589.44</subfield>
    <subfield code="w">2014-06-02</subfield>
    <subfield code="y">MAG</subfield>
  </datafield>
  <datafield tag="952" ind1=" " ind2=" ">
    <subfield code="0">0</subfield>
    <subfield code="1">0</subfield>
    <subfield code="2">ddc</subfield>
    <subfield code="4">0</subfield>
    <subfield code="7">0</subfield>
    <subfield code="8">NFIC</subfield>
    <subfield code="a">LIB001</subfield>
    <subfield code="b">LIB001</subfield>
    <subfield code="d">2014-06-02</subfield>
    <subfield code="g">269.72</subfield>
    <subfield code="l">1</subfield>
    <subfield code="m">10</subfield>
    <subfield code="o">620.006819</subfield>
    <subfield code="p">28681</subfield>
    <subfield code="r">2017-05-23 00:00:00</subfield>
    <subfield code="s">2015-02-03</subfield>
    <subfield code="t">1</subfield>
    <subfield code="v">589.44</subfield>
    <subfield code="w">2014-06-02</subfield>
    <subfield code="y">MAG</subfield>
  </datafield>
  <datafield tag="952" ind1=" " ind2=" ">
    <subfield code="0">0</subfield>
    <subfield code="1">0</subfield>
    <subfield code="2">ddc</subfield>
    <subfield code="4">0</subfield>
    <subfield code="7">0</subfield>
    <subfield code="8">NFIC</subfield>
    <subfield code="a">LIB001</subfield>
    <subfield code="b">LIB001</subfield>
    <subfield code="d">2014-06-02</subfield>
    <subfield code="g">269.72</subfield>
    <subfield code="l">1</subfield>
    <subfield code="m">6</subfield>
    <subfield code="o">620.006819</subfield>
    <subfield code="p">28682</subfield>
    <subfield code="r">2017-04-10 00:00:00</subfield>
    <subfield code="s">2015-02-09</subfield>
    <subfield code="t">1</subfield>
    <subfield code="v">589.44</subfield>
    <subfield code="w">2014-06-02</subfield>
    <subfield code="y">MAG</subfield>
  </datafield>
  <datafield tag="952" ind1=" " ind2=" ">
    <subfield code="0">0</subfield>
    <subfield code="1">0</subfield>
    <subfield code="2">ddc</subfield>
    <subfield code="4">0</subfield>
    <subfield code="7">0</subfield>
    <subfield code="8">NFIC</subfield>
    <subfield code="a">LIB001</subfield>
    <subfield code="b">LIB001</subfield>
    <subfield code="d">2014-06-02</subfield>
    <subfield code="g">269.72</subfield>
    <subfield code="l">1</subfield>
    <subfield code="m">10</subfield>
    <subfield code="o">620.006819</subfield>
    <subfield code="p">28683</subfield>
    <subfield code="r">2017-06-12 00:00:00</subfield>
    <subfield code="s">2015-02-09</subfield>
    <subfield code="t">1</subfield>
    <subfield code="v">589.44</subfield>
    <subfield code="w">2014-06-02</subfield>
    <subfield code="y">MAG</subfield>
  </datafield>
  <datafield tag="952" ind1=" " ind2=" ">
    <subfield code="0">0</subfield>
    <subfield code="1">0</subfield>
    <subfield code="2">ddc</subfield>
    <subfield code="4">0</subfield>
    <subfield code="7">0</subfield>
    <subfield code="8">NFIC</subfield>
    <subfield code="a">LIB001</subfield>
    <subfield code="b">LIB001</subfield>
    <subfield code="d">2014-06-02</subfield>
    <subfield code="g">269.72</subfield>
    <subfield code="l">0</subfield>
    <subfield code="m">4</subfield>
    <subfield code="o">620.006819</subfield>
    <subfield code="p">28684</subfield>
    <subfield code="r">2017-05-26 00:00:00</subfield>
    <subfield code="t">1</subfield>
    <subfield code="v">589.44</subfield>
    <subfield code="w">2014-06-02</subfield>
    <subfield code="y">MAG</subfield>
  </datafield>
</record>
